Injurious insects.
Saved in:
| Main Author: | |
|---|---|
| Format: | Book |
| Language: | English |
| Published: |
Hampton, VA :
Hampton normal and agricultural institute,
1915.
|
| Series: | Hampton, Va. Normal and agricultural institute. The Hampton leaflets ;
v. 7, no. 3 |
| Subjects: | |
| Tags: |
Add Tag
No Tags, Be the first to tag this record!
|
| LEADER | 00635nam a2200205Ki 4500 | ||
|---|---|---|---|
| 001 | 000000831-1 | ||
| 005 | 20020606090541.3 | ||
| 008 | 881205s1915 vau 000 0 eng d | ||
| 035 | 0 | |a ocm18839330 | |
| 040 | |a VA@ |c VA@ |d FLL | ||
| 090 | |a LC2851 |b .H272 v. 7 no. 3 1915 | ||
| 100 | 1 | |a Neal, Ralph T. | |
| 245 | 1 | 0 | |a Injurious insects. |
| 260 | |a Hampton, VA : |b Hampton normal and agricultural institute, |c 1915. | ||
| 300 | |a 53 p. : |b ill. ; |c 23 cm. | ||
| 490 | 0 | |a Hampton, Va. Normal and agricultural institute. The Hampton leaflets ; |v v. 7, no. 3 | |
| 650 | 0 | |a Beneficial insects. | |
| 650 | 0 | |a Insect pests. | |
| 988 | |a 20020608 | ||
| 906 | |0 OCLC | ||


